• 首页
  • 本馆介绍
  • 公告通知
  • 最新文献
  • 馆藏检索
  • 电子资源
  • 读者导购
  • 参考咨询
  • 我的图书馆
  • 登录
  • 详细信息显示
  • 放入我的书架
  • 预约/预借图书
  • 作者相关作品
  • 分类相关作品
  • 丛书相关作品
  • 出版社相关作品

书目信息

  • 表格格式
  • 工作单格式
  • 卡片格式
题名:
政治经济学简明读本
    
 
作者: 李乾亨 编
分册:  
出版信息: 北京   中国青年出版社  1980
页数: 333页
开本: 19cm
丛书名:
单 册:
中图分类: F0-0 , F0
科图分类:
主题词: 政治经济学--教材 , 资本主义政治经济学--教材
电子资源:
ISBN:
000 00684nam0 2200253 450
001 1554765782
005 20150118151308.21
010    @dCNY0.68
091    @a4009.67
100    @a19950405d1980 em y0chiy0110 ea
101 0  @achi
102    @aCN@b110000
105    @ay z 000yy
200 1  @a政治经济学简明读本@9zheng zhi jing ji xue jian ming du ben@e资本主义部分@f李乾亨等编著
210    @a北京@c中国青年出版社@d1980
215    @a333页@d19cm
300    @a青年文摘
606 0  @a政治经济学@x教材
606 0  @a资本主义政治经济学@x教材
690    @aF0-0@v5
690    @aF0@v4
701  0 @a李乾亨@9li qian heng@4编
801  0 @aCN@bTSSF@c20150115
905    @aZUCC@dF0@eJY110
    
    政治经济学简明读本:资本主义部分/李乾亨等编著.-北京:中国青年出版社,1980
    333页;19cm
    青年文摘
    
    ISBN :CNY0.68
    
●
相关链接 在E读中查询图书 在五车中查询图书 在当当中查询图书 在豆瓣中查询图书


正题名:政治经济学简明读本     索取号:F0/JY110         预约/预借

序号 登录号 条形码 馆藏地/架位号 状态 备注
1 7835730   278357305   学院路分馆/ [索取号:F0/JY110] 在馆    
唐山师范学院图书馆 欢迎您!
大连网信软件有限公司© 版权所有